| 000 | 00651nam a2200217 a 4500 | ||
|---|---|---|---|
| 005 | 20140311163026.0 | ||
| 008 | 080508s19uu xx 00 eng d | ||
| 020 | _a1861564589 | ||
| 050 |
_aRJ 496.M68 _b.C48 2005 |
||
| 245 |
_aChildren with developmental coordination disorder / _cedited by David Sugden. |
||
| 260 |
_aLondon : _bWhurr Publishers, _c2005. |
||
| 300 |
_a319 p. : _c24 cm. |
||
| 521 | _aEDU | ||
| 650 | _aClumsiness in children. | ||
| 650 | _aMotor ability in children. | ||
| 650 | _aChild development. | ||
| 650 | _aOccupational therapy for children. | ||
| 700 | _aChambers, Mary | ||
| 942 |
_cBK _2lcc _kFOR |
||
| 999 |
_c39543 _d39543 |
||